All Bus Stops on London Bus Route 164 - Statistics

General Stats
  • This quiz has been taken 2 times
  • The average score is 7 of 43
Answer Stats
Answer % Correct
Sutton Station
100%
Chester Gardens
50%
Connaught Gardens
50%
High Street / Marshall's Road
50%
Leominster Walk
50%
Merton Mansions
50%
Morden Hall
50%
Morden Hall Road / Central Road
50%
Morden Station
50%
St Helier Avenue / Middleton Road
50%
Sutton Civic Centre
50%
Wimbledon Chase Station
50%
Wimbledon Station
50%
Ashridge Way
0%
Benhill Avenue
0%
Bertram Cottages
0%
Cranleigh Gardens
0%
Crown Road
0%
Dore Gardens
0%
Francis Grove
0%
Langdon Walk
0%
Links Avenue
0%
London Road / Morden Station
0%
Manor Place
0%
Merton Park Baptist Church
0%
Merton Park Tram Stop
0%
Morden Civic Centre
0%
Netley Gardens
0%
Rosehill Park West
0%
Rose Hill / Rose Hill Roundabout
0%
Sir Cyril Black Way
0%
South Merton Station
0%
St Helier Avenue / Rose Hill Roundabout
0%
St James Church
0%
St Nicholas Centre
0%
Sutton Green
0%
Sutton / Grove Road
0%
Sutton Police Station
0%
Sutton Station / The Quadrant
0%
The Nelson Health Centre
0%
Times Square
0%
Wilton Crescent
0%
Wimbledon Bus Station
0%
No matching quizzes found
Score Distribution
Percent of People with Each Score
Percentile by Number Answered
Your Score History
You have not taken this quiz